[Actes] /
Guardado en:
| Autor Corporativo: | |
|---|---|
| Formato: | Libro |
| Idioma: | French |
| Publicado: |
Paris :
Hermann,
1951-1952.
|
| Series: | Actualités scientifiques et industrielles ;
1126, etc. Actualités scientifiques et industrielles. Philosophie ; 15-23. |
| Materias: | |
| Etiquetas: |
Agregar Etiqueta
Sin Etiquetas, Sea el primero en etiquetar este registro!
|
| LEADER | 01257cam a22002415a 4500 | ||
|---|---|---|---|
| 001 | MAT.inmabb004380 | ||
| 008 | 760701m19511952fr#######b####100#0#fre#c | ||
| 005 | 20170731131016.0 | ||
| 245 | 0 | 1 | |a [Actes] / |c Congrès international de philosophie des sciences, Paris, 1949. |
| 260 | |a Paris : |b Hermann, |c 1951-1952. | ||
| 300 | |a 9 v. ; |c 25 cm. | ||
| 490 | 1 | |a Actualités scientifiques et industrielles ; |v no. 1126, 1134, 1137, 1146, 1153, 1155-1156, 1166-1167. |a Philosophie ; |v 15-23 | |
| 504 | |a Incluye referencias bibliográficas. | ||
| 505 | 0 | |a 1. Epistémologie -- 2. Logique -- 3. Philosophie mathématique. Mécanique -- 4. Calcul des probabilités -- 5. Physique -- 6. Biologie -- 7. Sciences de la terre -- 8. Histoire des sciences -- 9. Pédagogie des sciences. | |
| 111 | 2 | |a Congrès international de philosophie des sciences |d (1949 : |c Paris, Francia) | |
| 830 | 0 | |a Actualités scientifiques et industrielles ; |v 1126, etc. | |
| 830 | 0 | |a Actualités scientifiques et industrielles. |p Philosophie ; |v 15-23. | |
| 650 | 0 | |a Science |v Congresses. | |
| 650 | 0 | |a Philosophy |v Congresses. | |
| 084 | |a 00B25 (03-06 60-06) |2 msc2000 | ||
| 010 | |a a 51010161 | ||
| 040 | |a Brown Univ. Library |c CCC |d OCoLC |d DLC | ||
| 859 | |h 00B25 |i C749-1949 |p A-214 |v 2 |3 v. 2 |b BIB. MATEMATICA | ||
